| 000 | 01039nam a22002537a 4500 | ||
|---|---|---|---|
| 005 | 20170124103159.0 | ||
| 010 | _aB-074142 | ||
| 020 | _c295.00 | ||
| 035 | _aB-074142 | ||
| 037 | _bCen Lib/Ret | ||
| 040 |
_aDPL _bHN |
||
| 082 |
_a230.3 _bसरस्व |
||
| 100 |
_aसरस्वती, स्वामी विधानंद _981013 |
||
| 245 |
_aअध्यातम-मीमांसा / _cस्वामी विधानंद सरस्वती |
||
| 246 |
_aAdhyatam-mimaansa / _bby Swami Vidhanand saraswati |
||
| 260 |
_aदिल्ली _bसंस्कार प्रकाशन _c2000 |
||
| 270 |
_a4408, नई सड़क _bदिल्ली _e110006 |
||
| 300 |
_a320पृ. _c21सेमी(सजिल्द) |
||
| 650 |
_aहिंदू धर्म _990910 |
||
| 650 |
_aहिंदू धर्म--त्रिग्वेद _944305 |
||
| 650 |
_aHindu Religion _990911 |
||
| 650 |
_aHinduism--Trigveda _990912 |
||
| 942 |
_2ddc _cHN _h230.3 _mसरस्व |
||
| 999 |
_c120534 _d120534 |
||